[Event "Wroclaw Anderssen Memorial op-B"]
[Site "Wroclaw"]
[Date "2023.??.??"]
[Round "6"]
[White "Korolewicz, Pawel"]
[Black "Lasok, Marek"]
[Result "1-0"]
[WhiteElo "1715"]
[BlackElo "1759"]
[PlyCount "49"]
[EventDate "2023.08.06"]
[EventType "swiss"]
[EventRounds "9"]
[EventCountry "POL"]
[SourceTitle "EXT 2024"]
[Source "ChessBase"]
[SourceDate "2023.10.10"]
[SourceVersion "1"]
[SourceVersionDate "2023.10.10"]
[SourceQuality "1"]

1. e4 c5 2. d3 Nc6 3. Be3 d6 4. g3 g6 5. Qd2 Bg7 6. Nc3 e5 7. Bg2 Nge7 8. Bh6 0-0 9. Nge2 Nd4 10. Bxg7 Kxg7 11. 0-0 Be6 12. Nd1 Nxe2+ 13. Qxe2 b5 14. Ne3 Rb8 15. f4 f6 16. Rf2 Qd7 17. Raf1 Qb7 18. fxe5 fxe5 19. Nf5+ Nxf5 20. exf5 Bd5 21. Be4 c4 22. fxg6 hxg6 23. Rxf8 Rxf8 24. Rxf8 Kxf8 25. Qf3+ 1-0

[Event "Wroclaw Anderssen Memorial op-B"]
[Site "Wroclaw"]
[Date "2023.??.??"]
[Round "5"]
[White "Lasok, Marek"]
[Black "Krzyzosiak, Anna"]
[Result "1-0"]
[WhiteElo "1759"]
[BlackElo "1525"]
[PlyCount "85"]
[EventDate "2023.08.06"]
[EventType "swiss"]
[EventRounds "9"]
[EventCountry "POL"]
[SourceTitle "EXT 2024"]
[Source "ChessBase"]
[SourceDate "2023.10.10"]
[SourceVersion "1"]
[SourceVersionDate "2023.10.10"]
[SourceQuality "1"]

1. e4 c5 2. Nf3 d6 3. d4 cxd4 4. Nxd4 Nf6 5. Nc3 a6 6. h3 e5 7. Nde2 h5 8. g3 Be7 9. Bg2 Be6 10. Nd5 Bxd5 11. exd5 b5 12. a4 bxa4 13. Rxa4 Nbd7 14. b3 Qc7 15. 0-0 Nb6 16. Ra2 h4 17. g4 Nh7 18. c4 0-0 19. Be3 Bg5 20. Bxg5 Nxg5 21. Qd2 Qd8 22. Rfa1 f5 23. gxf5 Rxf5 24. Qe3 Nd7 25. Rxa6 Rxa6 26. Rxa6 Nc5 27. Ra3 Qb8 28. Nc1 e4 29. Ra2 Nf3+ 30. Kh1 Qe8 31. Qc3 Qg6 32. Rc2 Nd3 33. Nxd3 exd3 34. Rc1 d2 35. Rd1 Ne1 36. Be4 Qf6 37. Qxf6 Rxf6 38. Rxd2 Nf3 39. Bxf3 Rxf3 40. Kg2 Rxb3 41. Rd4 Rc3 42. Rxh4 Kf7 43. Re4 1-0